| 000 | 00486nam a2200169Ia 4500 | ||
|---|---|---|---|
| 999 |
_c20257 _d20257 |
||
| 003 | OSt | ||
| 005 | 20200708102955.0 | ||
| 008 | 190216s9999||||xx |||||||||||||| ||und|| | ||
| 020 | _a5010004895 | ||
| 040 | _coclc | ||
| 082 |
_a959.704092 _bKOB/H |
||
| 100 |
_aKobelev, Yevgeny _93648 |
||
| 245 | 0 |
_aHo Chi Minh / _cYevgeny Kobelev |
|
| 260 |
_bProgress Publishers, _c1989. _aMoscow: |
||
| 300 | _a241p | ||
| 942 |
_cBK _2ddc _h959.704092 _iKOB/H _k959.704092 _mKOB/H |
||